000 00242nam a22000857a 4500
008 160920b xxu||||| |||| 00| 0 eng d
100 _9666
_aSinghal.J.P.etal
245 _aSocial Science Work Map-VIII
260 _aNew Delhi
_bAmanda Publications
_c2011
999 _c3323
_d3323